00332 a2200109 4500001001000000005001700010008004100027245006500068100002500133700002300158773004100181ART_4759620260410161630.0260409a 10aRegistros contables digitales en la legislación societaria1 aGarrido, Elisabet G.1 aCampo, Ana María0 tEnfoquesg- N°9 (sep. 2018)wREV416